000 00824nam a2200265 i 4500
003 MX-MxUPN
005 20260423151747.0
008 260320t2016 mx|a||||r|||| 000 0 spa d
020 _a9786073218399 (SEP)
020 _a9786073218405
040 _aMX-MxUPN
_bspa
_cMX-MxUPN
041 0 _aspa
050 1 4 _aLB1645 M62
_bA775 2016
100 1 _aArriaga Robles, Alan
100 1 _aBenítez Castanedo, Marcos Manuel
245 1 0 _aMatemáticas 2 por competencias
250 _a1a. edición.
260 _aCiudad de México :
_bPearson,
_c©2016
300 _a272 páginas :
_bilustraciones
650 4 _aMatemáticas
_xEstudio y enseñanza (Secundaria)
_94860
650 4 _aMatemáticas
_vLibros de texto
_919875
902 _aMarielOrtiz/200326
_bVíctor Ruiz/230426
942 _2lcc
_cLIBRO
_n0
999 _c214844
_d214844